000 00294 a2200097 4500
020 _a078440514X
082 _a624.15132 GEO
245 _aTrends in Rock Mechanics
_cEdited by J. F. Labuz, S. D. Glaser, E. Dawson
260 _aVirginia :
_bASCE Press :
_c2000
300 _avii, 221p. :
_bill. ;
_c23 cm
650 _aRock Mechanics
999 _c1021
_d1021